000 00725nam a2200121Ia 4500
008 220620s9999||||xx |||||||||||||| ||und||
100 _aHohberg, Martin
245 0 _aExperimental investigation and process simulation of the compression molding process of Sheet Molding Compound (SMC) with local reinforcements
546 _aEnglish[eng]
650 _aProzesssimulation; virtuelle Prozesskette; Materialcharakterisierung; SMC; process simulation; virtual process chain; material characterization
856 _uhttps://library.oapen.org/bitstream/20.500.12657/53949/1/experimental-investigation-and-process-simulation-of-the-compression-molding-process-of-sheet-molding-compound-smc-with-local-reinforcements.pdf
942 _cEB
999 _c29081
_d29081